| 000 | 01663nam a2200325 i 4500 | ||
|---|---|---|---|
| 003 | DO-SdBNP | ||
| 005 | 20250410151140.0 | ||
| 007 | ta | ||
| 008 | 240229b2017 dr ||||| |||| 00| 0 spa d | ||
| 020 | _a9789264276901 | ||
| 040 |
_aDO-SdBNP _bspa _cBNPHU _erda |
||
| 082 | 4 |
_a304.87293 _bI61p _222 |
|
| 100 | 1 |
_aCabral, Lucía Amelia _929009 |
|
| 110 |
_aOrganización para la Cooperación y el Desarrollo Económico (OCDE) _984957 |
||
| 245 | _aInteracciones entre políticas públicas, migración y desarrollo en República Dominicana | ||
| 264 |
_aSanto Domingo : _bUniversidad Iberoamericana (UNIBE)., _c2017. |
||
| 300 |
_a146 páginas ; _c24 cm. |
||
| 336 |
_2rdacontent _atexto _btxt |
||
| 337 |
_2rdamedia _asin mediación _bn |
||
| 338 |
_2rdacarrier _avolumen _bnc |
||
| 490 | _aCaminos de Desarrollo | ||
| 505 | _a1. La integración de la migración y el desarrollo en República Dominicana: Descripción general y recomendaciones políticas | --2. El panorama de la migración en República Dominicana | -- 3. La comprensión del marco metodológico utilizado en República Dominicana | -- 4. ¿Cuáles son los impactos de la migración sobre el desarrollo en República Dominicana? | -- 5. ¿Cómo influyen sobre la migración las políticas sectoriales en República Dominicana? -- | ||
| 590 | _aInventariado, 2024/DG | ||
| 650 | 4 |
_aRepública Dominicana _xMigración e inmigración, Aspectos legales _984958 |
|
| 650 | 0 |
_aPolítica de migración _zRepública Dominicana _955031 |
|
| 650 | 4 |
_aDesarrollo económico _zRepública Dominicana _98596 |
|
| 650 | 4 |
_aCambio exterior _zRepública Dominicana _95999 |
|
| 910 | _aDG | ||
| 942 |
_2ddc _cLBS1 |
||
| 999 |
_c56004 _d56004 |
||